Library Banner

You can never be too thin (Record no. 21958)

MARC details
000 -LEADER
fixed length control field 00448nam a2200181Ia 4500
001 - CONTROL NUMBER
control field 21657
003 - CONTROL NUMBER IDENTIFIER
control field PK-LaUMT
005 - DATE AND TIME OF LATEST TRANSACTION
control field 20221209150633.0
008 - FIXED-LENGTH DATA ELEMENTS--GENERAL INFORMATION
fixed length control field 140409s9999 xx 000 0 und d
040 ## - CATALOGING SOURCE
Transcribing agency PK-LaUMT
082 ## - DEWEY DECIMAL CLASSIFICATION NUMBER
Classification number 613.7
Item number MAR-Y
100 ## - MAIN ENTRY--PERSONAL NAME
Personal name Marlena smallbone
245 ## - TITLE STATEMENT
Title You can never be too thin
Statement of responsibility, etc Marlena smallbone
260 ## - PUBLICATION, DISTRIBUTION, ETC. (IMPRINT)
Date of publication, distribution, etc 1992
500 ## - GENERAL NOTE
General note Entered from the accession register.
546 ## - LANGUAGE NOTE
Language note EN
942 ## - ADDED ENTRY ELEMENTS (KOHA)
Koha item type Stocktaking Record 2002
Source of classification or shelving scheme Dewey Decimal Classification
Holdings
Withdrawn status Lost status Damaged status Not for loan Home library Current library Date acquired Total Checkouts Full call number Barcode Date last seen Price effective from Koha item type
        UMT Main Campus UMT Main Campus 2014-04-09   613.7 MAR-Y 10046 2014-04-23 2014-04-23 Books